00345nam a2200109 a 4500008004100000050001500041100001600056245006900072260006300141300002200204350000900226120416s1979 ||||||||||||||||| || u aHT 167 Pra aSo, Frank S14aThe Practice of local government planningcedited by Frank S. So aWashingtonbInternational City Management/ The Americ1979 axiii, 676p. : ill a0.00